[Event "EU-ch 4th"]
[Site "Istanbul"]
[Date "2003.06.11"]
[Round "11"]
[White "Timofeev, Artyom"]
[Black "Fontaine, Robert"]
[Result "1-0"]
[WhiteElo "2577"]
[BlackElo "2527"]
[Annotator "Gofshtein,L"]
[PlyCount "59"]
[EventDate "2003.05.30"]
[EventType "swiss"]
[EventRounds "13"]
[EventCountry "TUR"]
[SourceTitle "CBM 096"]
[Source "ChessBase"]
[SourceDate "2003.09.25"]
[SourceVersion "1"]
[SourceVersionDate "2003.09.25"]
[SourceQuality "1"]

1. e4 {[%mdl 4]} c5 2. Nf3 d6 3. d4 cxd4 4. Nxd4 Nf6 5. Nc3 Nc6 6. Bg5 e6 7.
Qd2 Be7 8. O-O-O Nxd4 9. Qxd4 O-O 10. f4 h6 (10... h5) 11. Bh4 Qa5 12. Bc4 e5
13. fxe5 dxe5 14. Qd3 Bg4 {The other plan - 14...Qc5 is also possible, as was
played in the next games} (14... Qc5 15. Bxf6 Bxf6 16. Kb1 (16. Qe2 a6 17. Rhf1
Be6 18. Bd5 Bg5+ 19. Kb1 Rac8 20. Rd3 b5 $13) 16... Be6 17. Bxe6 fxe6 18. Qd6
$11 {Gligorich,S-Taimanov,M/1952/}) 15. Bxf6 {White takes control over the d5
square, black gets a pair of bishops instead.} Bxf6 16. Rdf1 Rac8 {[%cal Yc8c3]
Black gets the rook to play. Another possible move is 16...Bh4 as was played
in Almasi - Gershon below} (16... Bh4 17. Kb1 Qc5 18. g3 Bg5 19. h3 Rad8 20.
Nd5 Be6 21. h4 Be7 22. Qe2 b5 23. Bb3 a5 $13 {1-0 Almasi,Z-Gershon,A/Ohrid
2001/CBM 84 (52)}) 17. Kb1 {17.Bb3 usually leads to a different move order.} (
17. Bb3 Be6 18. Kb1 Qc5 19. h4 $5 $146 (19. Qg3 Bg5 20. Rd1 b5 21. Qd3 Bc4 $132
{Fontaine,R-Sosonko,G/Cannes mT 1996/EXP 51/0-1 (55)}) 19... h5 20. Qg3 Bd8 21.
Rd1 (21. Nd5 $142) 21... Bxb3 22. axb3 $14 {1-0 Tseitlin,M-Sosonko,G/St
Petersburg 1997/CBM 59}) 17... Qb4 $6 $146 {Not a very good novelty. The queen
gets under attack after the eventual Nd5. Deserves attention 17...Bh4 as was
in the game Leko - Halifman where black gradually equalised.} (17... Bh4 $5 18.
Bb3 Qc5 19. g3 Bg5 20. h3 Be6 21. h4 Be7 22. Nd5 Kh8 23. Qe2 a5 $132 {1/2-1/2
Leko,P-Khalifman,A/New Delhi/Theran 2000/CBM 80 (64)}) 18. Bb3 Rxc3 $6 {
A dubious exchange sacrifice. Although, black is already having serious
difficulties.} (18... Bg5 19. Qg3 Rxc3 (19... Be6 20. Bxe6 fxe6 21. Rxf8+ Rxf8
22. Rd1 $36) 20. Qxc3 Qxc3 21. bxc3 b6 22. h3 Bh5 23. Bd5) 19. bxc3 Qb6 20. Qg3
Bd7 21. Rf3 {White is an exchange up and has pressure over the f - file.} a5
22. Rhf1 Kh7 23. Qf2 {White transforms to an endgame, where his edge is
undoubtful.} Qxf2 24. R1xf2 a4 (24... Bc6 25. Bd5 Bxd5 26. exd5 e4 27. Rf4 e3
28. Re2 Bxc3 29. Re4 Bd2 30. c4 $16) 25. Bd5 Kg6 26. c4 $16 {White is almost
winning.} Bg4 $2 {[%mdl 8192] A tactical mistake, leading to an immideate loss,
although after the normal course of the game white should win by moving jis
rook to the b - file.} 27. Rg3 h5 28. h3 Bh4 29. Rff3 $1 Bxg3 30. Rxg3 $18 1-0

[Event "RUS-ch 56th"]
[Site "Krasnoyarsk"]
[Date "2003.09.12"]
[Round "9"]
[White "Motylev, Alexander"]
[Black "Timofeev, Artyom"]
[Result "1-0"]
[WhiteElo "2634"]
[BlackElo "2575"]
[Annotator "Gofshtein,L"]
[PlyCount "89"]
[EventDate "2003.09.03"]
[EventType "swiss"]
[EventRounds "9"]
[EventCountry "RUS"]
[SourceTitle "CBM 098"]
[Source "ChessBase"]
[SourceDate "2004.02.03"]
[SourceVersion "1"]
[SourceVersionDate "2004.02.03"]
[SourceQuality "1"]

1. e4 {[%mdl 4]} c5 2. Nf3 d6 3. d4 cxd4 4. Nxd4 Nf6 5. Nc3 Nc6 6. Bg5 e6 7.
Qd2 Be7 8. O-O-O Nxd4 9. Qxd4 O-O 10. f4 h6 11. Bh4 Qa5 12. Bc4 e5 13. fxe5
dxe5 14. Qd3 Bg4 15. Rdf1 (15. Bxf6 Bxf6 16. Rdf1 {-is another sharp line,
which probably leads to some advantage of white as well;}) 15... Qc5 {White
recieves a small advantage but other possibilities also don't allow black to
reach a full equality} (15... Be6 16. Bxf6 ({Black gets his pawn chain
destroyed here, while it's not that dangerous:} 16. Bxe6 fxe6 17. Qc4 Qb6 18.
Bf2 Qd6 19. Rd1 Rac8 20. Qxc8 Rxc8 21. Rxd6 Bxd6 22. Bxa7 Bb4 {1/2-1/2
Unzicker,W-Pomar Salamanca,A/Bern 1962/EXT 2000 (44)}) 16... Bxf6 17. Kb1 Qc5
18. Bb3 Kh8 19. h4 Be7 20. Qe2 Qc8 21. Bxe6 fxe6 22. Rxf8+ Qxf8 23. Qb5 $16 {
1-0 Ponomariov,R-Avrukh,B/Panormo 2001/CBM 84 ext (41). (40)}) (15... Rad8 $2
16. Qg3 Be6 17. Rxf6 Bxc4 18. Rxh6 $16 {1-0 Zurakhov,V-Boleslavsky,I/Riga 1955/
EXT 99 (116). (115)}) (15... Rac8 16. Bxf6 (16. Bb3 Rxc3 $1 17. Qxc3 Qxc3 18.
bxc3 Ba3+ 19. Kb1 Nxe4 $15 {1/2-1/2 Szabo,J-Pietzsch,W/Dresden 1959/MCD (43)})
16... Bxf6 17. Bb3 $14) 16. Bb3 Kh8 {A profilactic move, defending against 17.
Qg3} (16... Rad8 $2 17. Qg3 $18 {[%cal Rh4f6,Rf1f6,Rg3g4]}) (16... Be6 $5) (
16... Be6 $5) 17. Qg3 (17. Bxf6 Bxf6 18. Kb1 Rad8 19. Qg3 Be6 20. Nd5 $14 {
1-0 Kobalija,M-Gershon,A/Kharkov 2002/CBM 89/[Tyomkin,D] (48)} (20. Bxe6 fxe6 {
[%csl Gc3] -black is okay here, mostly based on weakness of Nc3;})) 17... Be6 (
17... Bd7 18. Bxf6 Bxf6 19. Kb1 $14 {[%csl Rd5][%cal Yc3d5,Yb3d5]}) 18. Bxf6 $5
(18. Bxe6 fxe6 19. Qg6 b5 20. Rf3 b4 $132) 18... Bxf6 19. Nd5 {[%csl Rd5][%cal
Rd5f6] White has taken control over the square d5 and has a minimal advantage}
Bg5+ 20. Kb1 a5 $5 {Black tries to get activity on the queenside} 21. h4 {
Forcing black to reatreat his activly placed bishop} Bd8 22. a3 {Allowing a
retreat place for the bishop. In case of 22.a4, 22...b5 could have followed
with a counterplay} (22. a4 b5 23. Qxe5 bxa4 24. Bxa4 Rc8 $44) 22... Rc8 {
[%csl Rc2][%cal Rc8c2] Black is aiming for the c2 pawn. An immideate 22...a4
was also possible} (22... a4 $5 23. Ba2 Rc8 24. Ne3 Bxa2+ 25. Kxa2 b5 26. c3
Rc6 $132) 23. Qd3 b5 24. c3 {[%cal Yc3b4,Ya3b4] White is strugling against the
advance b5-b4} Rc6 {Black transfers his rook to the 6 rank} 25. Qd1 {[%cal
Yd1h5]} (25. Qf3 Rd6 $5 (25... f5 26. g4 f4 27. g5 $36) 26. g4 Bxd5 27. Bxd5 b4
$132) 25... f5 $5 {Black passes ahead of the opponent and opens the game} 26.
exf5 Bxf5+ 27. Ka1 e4 (27... b4 {doesn't give black any real compensation
after:} 28. cxb4 axb4 29. Nxb4 Rcf6 30. Qd5 Qe3 31. Re1) 28. Qe2 {[%csl Rb5,
Ye4][%cal Re2e4,Re2b5] Preparing g4 and keeping an eye on the pawns b5 and e4}
b4 29. g4 (29. cxb4 axb4 30. g4 (30. Nxb4 Rcf6 31. Rc1 Qb6 $13) 30... Bh7 31.
Rxf8+ Qxf8 32. Nxb4 Rf6 $44 {[%cal Rf6f2]}) 29... Be6 30. cxb4 (30. Rxf8+ Qxf8
31. Qxe4 bxa3 $132) 30... Rxf1+ (30... axb4 31. Rxf8+ Qxf8 32. Nxb4 Bf6 33. Bc2
Qa8 $132) 31. Rxf1 axb4 32. axb4 Qd4 33. Qb5 (33. Rd1 Qa7+ 34. Kb1 Ra6 $44)
33... Rd6 34. g5 (34. Rf8+ Kh7 35. Qc5 Rxd5 36. Qxd4 Rxd4 37. Bxe6 Bxh4 $17)
34... Bxd5 $2 {[%mdl 8192] A losing move. The only move after which black
could keep successfully fighting was 34...Bg8} (34... Bg8 $8 35. Rf8 Qg1+ 36.
Ka2 Qa7+) 35. Bxd5 Qxd5 (35... Kh7 36. Ba2 $40) 36. Rf8+ Qg8 (36... Kh7 37. g6+
Kxg6 38. Qe8+ $18) 37. Rxg8+ Kxg8 38. Qe8+ Kh7 39. Qxe4+ $18 g6 40. Qe5 Ra6+
41. Kb1 hxg5 42. hxg5 Ra7 43. Qd4 Ra8 44. Qd7+ Kh8 45. Qb7 1-0

[Event "Linares Anibal op 07th"]
[Site "Linares"]
[Date "2000.01.11"]
[Round "5"]
[White "Iordachescu, Viorel"]
[Black "Campos Moreno, Javier B"]
[Result "1-0"]
[WhiteElo "2553"]
[BlackElo "2484"]
[Annotator "Gofshtein,L"]
[PlyCount "101"]
[EventDate "2000.01.07"]
[EventType "swiss"]
[EventRounds "10"]
[EventCountry "ESP"]
[SourceTitle "CBM 075"]
[Source "ChessBase"]
[SourceDate "2000.04.05"]
[SourceVersion "1"]
[SourceVersionDate "2000.04.05"]
[SourceQuality "1"]

{[%mdl 32]} 1. e4 c5 2. Nf3 Nc6 3. d4 cxd4 4. Nxd4 Nf6 5. Nc3 d6 6. Bg5 e6 7.
Qd2 Be7 8. O-O-O O-O 9. f4 Nxd4 10. Qxd4 Qa5 11. Bc4 Bd7 12. e5 dxe5 13. fxe5
Bc6 14. Bd2 Nd7 15. Nd5 Qd8 16. Nxe7+ Qxe7 17. Rhe1 Rfd8 18. Qg4 Nf8 19. Bd3
Rxd3 {This sacrifice start well-know theoretical variation. I think, this
variation don't give to Black equal play. White stay slightly better.} 20. cxd3
Qd7 21. Bb4 {The theory of variation was not finished yet..} (21. Re3 Qd5 22.
Kb1 Ng6 23. Rg3 Qxe5 24. Bc3 Qb5 25. h4 h5 26. Qe2 Bd5 $44) (21. b3 a5 22. Bc3
Ng6 23. Re2 Ne7 $44 {1/2-1/2 Ljubojevic,L-Leko,P/Belgrade YUG 1995 (38)}) 21...
Ng6 (21... Qd5 22. Bxf8 Rxf8 23. Kb1 Qxg2 24. Qxg2 (24. Qh4 g6 25. Re3 Bd5 26.
Rh3 h5 27. Rc1 Qd2 28. b3 a5 29. Qf6 a4 30. Rg3 axb3 31. Rxg6+ $11 {1/2-1/2
Psakhis,L-Greenfeld,A/Tel Aviv ASA 1988 (37)}) 24... Bxg2 25. Rg1 (25. Rc1 Bc6
26. Kc2 (26. Rc4 Rd8 27. Kc2 g6 28. Kc3 Kg7 29. b4 h6 30. Rc5 $14 {1/2-1/2
Palac,M-Lisenko,A/Vinkovci 1993/(81)}) (26. Rc5 Rd8 27. Kc2 Rd4 28. Kc3 Ra4 29.
a3 Rh4 30. Re2 Rf4 31. Rc4 Rf1 32. Kd4 $14 {1-0 Junior 6.0-Nimzo 7.32/Cadaques
ESP 2000 (66)}) 26... f5 (26... Rd8 27. Kd2 Kf8 28. Ke3 f6 29. exf6 gxf6 30.
Rc4 Bb5 31. Rd4 Rxd4 32. Kxd4 e5+ 33. Ke3 Kf7 34. d4 Ke6 35. Rc1 Bc6 36. Rg1 f5
37. dxe5 Kxe5 38. Rf1 Bd5 39. a3 b5 40. Rf4 Bf7 41. Rh4 Bg6 42. a4 a6 43. axb5
axb5 44. Rb4 Be8 45. Rh4 Bg6 46. h3 h5 47. Rd4 Bf7 48. h4 Bd5 49. Rf4 Bc6 50.
Rf2 b4 51. b3 Bd5 52. Rf4 Be4 53. Rf2 Bd5 54. Rf4 Be4 55. Rf2 Bd5 {1/2-1/2
Leko,P-Fritz3/Munich Intel Express 1994 (55)}) 27. exf6 Rxf6 28. Rf1 (28. Kc3
g5 29. Rf1 Rh6 30. Rg1 Rg6 (30... Rh5 31. h4) 31. Kd4 g4 32. b4 a6 33. a4 h5 (
33... Bxa4 34. Rc8+ Kf7 35. Rc7+ Kf6 36. Rxb7) 34. Rxc6 bxc6 35. Kc5 e5 (35...
Kf7 36. Kxc6 Ke7 37. Kb7 e5 38. b5 axb5 39. axb5 Rd6) 36. Kb6 Rd6 37. Kxa6 Rxd3
38. Kb6 Rb3 39. Ra1 Rxb4+ 40. Kc7 Rf4 41. a5 Rf7+ 42. Kb6 Kg7 43. a6 Kg6 44. a7
Rxa7 45. Rxa7 Kf5 46. Kxc6 Ke4 (46... h4 47. Kd5 g3 48. h3 Kf4 49. Rf7+ Ke3 50.
Kxe5 g2 51. Rg7 Kf2 52. Kf4 g1=Q 53. Rxg1 Kxg1 54. Kg4 Kf2 55. Kxh4 Kf3 56. Kg5
) 47. Rh7 Kf3 48. Rxh5 e4 49. Rf5+ {1-0 Marciano,D-Lugovoi,A/St.
Petersburg-Paris 1996 (49)} (49. Rf5+ Kg2 50. Rf4)) 28... Rh6 (28... Rxf1 29.
Rxf1) 29. Rf2 Rh3 $44 (29... Rh3 30. Kc3 h6 31. Kd4 Kh7 32. b3 g5 33. Rcf1 Kg6
(33... Bd5) 34. Rf6+ Kh5 35. Rxe6 (35. Rxe6 Rxh2 36. Rff6 (36. a4 Kg4) 36...
Rxa2 37. Rxh6+ Kg4 38. Re5 Rg2 39. Rg6 Kh4 (39... Kf4 40. Re3 g4 41. Rf6+ Kg5
42. Ke5) 40. Rh6+ Kg4 41. Rg6 (41. Rh8 Kf4) 41... Kh4 42. Re3 g4 43. Ke5 Rf2 (
43... Rd2) (43... g3 44. d4) 44. d4 Rd2 45. Rh6+ Kg5 46. Rh8 Bf3 47. Rf8 Bc6
48. b4 b6 49. Rd8 a5 50. d5 Rxd5+ 51. Rxd5 Bxd5 52. bxa5 (52. Kxd5 Kf4 53. Re1
(53. Re6 g3 54. Rxb6 axb4 55. Kd4 g2 56. Rg6 Kf3 57. Kd3 Kf2 58. Rf6+ Ke1)
53... axb4 54. Kd4 Kf3 55. Kd3 g3 (55... Kf2 56. Re2+ Kf3 (56... Kf1 57. Ke3 g3
58. Kf3) 57. Re6 g3 58. Rf6+ Kg2 59. Ke2) 56. Rf1+ Kg2 57. Ke2 Kh2 58. Rb1 g2
59. Kf2) 52... bxa5 53. Kxd5 Kf4 54. Ra3 {1/2-1/2 Adams,M-Kramnik,V/Moscow (ol)
1994/54 B65/[Brenke,A] (54)})) (29... Rh4 30. Kc3 h6 31. Rg1 Bd5 32. a3 g5 33.
Rf6 (33. Rgf1 g4 34. Rf7 (34. Rf8+ Kg7 35. R1f7+ Kg6 36. Rf2 Rh3 37. Kd4 Kg5)
34... Rxh2 35. Re7 Bf3) 33... Rxh2 (33... g4 34. h3) 34. Rgf1 Kg7 35. Rf7+ Kg6
36. R1f6+ Kh5 37. Rh7 Kg4 38. Rhxh6 Rxh6 39. Rxh6)) (25. Re3 Bd5 (25... Rd8 $1
26. Rg1 Bc6 27. Reg3 g6 28. Kc2 $14) (25... f5 26. exf6 Rxf6 27. Rg1 Bd5 28.
Reg3 Rf7 $5 $14 (28... g6 29. h4 Rf5 30. Rg5 $14 {1-0 Oll,L-Hracek,Z/Paide
Keres mem A 1996 (48)})) 26. Rc1 h6 27. Rc7 g5 28. Re1 g4 $13) 25... Bc6 26.
Kc2 Rd8 (26... f5 27. exf6 Rxf6 28. Rdf1 Rh6 29. Rf2 $14 {1/2-1/2 Almasi,
Z-Kramnik,V/EUCup f Ljubljana 1995/CBM 51/ (41)}) 27. Kc3 (27. Rg3 Rd5 (27...
Rd4 28. Rdg1 g6 29. Rg4 Rd5 30. d4) 28. d4 Ra5) 27... g6 28. Rdf1 Rd5 29. d4
Kg7 30. Rf4 Rd7 31. Rg3 $14 {1-0 Tiviakov,S-Atalik,S/Beijing 1997/CBM 61 (66)})
(21... a5 22. Bd6 b5 23. Kb1 Ng6 24. Rc1 h5 25. Qg5 b4 26. g3 Bd5 27. Rc5 $16 {
1-0 Dubbeldam,A-Oud,N/cr ch NED 1996 (32)}) 22. Bd6 (22. Rd2 $5 Bd5 23. Kb1
Bxa2+ 24. Kxa2 Qa4+ 25. Kb1 a5 26. Qc4 axb4 27. Re4 Ne7 28. Qxb4 Qa1+ 29. Kc2
Nd5 30. Qxb7 h6 31. Rd1 $16 {1/2-1/2 Malakhov,V-Sherbakov,R/Koszalin POL 1999 
(47)}) (22. Kb1 Qd5 $14) (22. h4 $6 Qd5 23. h5 Nxe5 24. Qg3 f6 $44) 22... f5
23. Qe2 (23. Qg5 Bd5 24. b3 (24. Kb1 $6 Qa4 25. b3 Bxb3 $11 {1/2-1/2
Mithrakanth,P-Ooi Chern Ee/Kuala Lumpur India-Malaysia 1996 (30)}) 24... Qc6+ (
24... a5 25. Kd2 a4 26. b4 Bxa2 27. Rc1 $14) 25. Kb2 Qb6 26. g3 (26. d4 a5 $1
$132) 26... Qd4+ $5 (26... Qf2+ 27. Qd2 Qxd2+ 28. Rxd2 Re8 29. Rc1 $16 {
1-0 Hoffmann,M-Peek,M/Groningen NED 1998 (41)}) (26... a5 $5 27. Qe3 $14) 27.
Kb1 Rc8 28. Qe3 Qxe3 29. Rxe3 f4 $5 30. gxf4 Nxf4 $14 {1/2-1/2 Svidler,P-Anand,
V/Linares 1998/CBM 64/ (44)}) 23... Nh8 $5 (23... Bd5 $143 24. Kb1 Qc6 25. Rg1
a5 26. Qf2 Qa4 27. b3 Qf4 28. Qxf4 Nxf4 29. Rd2 $16 (29. g3 $2 Ne2 30. Rge1
Nc3+ 31. Kb2 Nxd1+ 32. Rxd1 $11 {1/2-1/2 Dean,J-Almasi,I/Groningen NED 1998 
(43)})) 24. Rd2 Nf7 25. Rc2 (25. Ba3 $5 $14) 25... Re8 (25... Nxd6 26. exd6 Bd5
27. Qe5 $18 {[%csl Rd7,Rg7][%cal Gc2c7]}) 26. Bc5 (26. Ba3 Qd5 27. b3 Bb5 28.
Rc3 Rd8 29. Kc2 a5 $14) 26... Qd5 27. b3 a6 $2 $16 (27... Bb5 $1 28. Rc3 Rc8
29. Bb4 Rxc3+ 30. Bxc3 Bxd3 31. Qd2 Be4 32. Qxd5 Bxd5 33. Re2 $14) 28. Bb6 Qb5
29. Bc5 Rd8 30. d4 Qa5 31. Kb2 (31. Qd2 Qc7 32. Qb4 $16) 31... Rd7 32. Rec1 Qd8
33. Qc4 Rd5 34. Qb4 {White have adjusted interaction of pieces and have
avoided material losses.} Qd7 35. a4 Ng5 36. Ba7 $1 {[%csl Rc6][%cal Gc2c6,
Gb4b6]} h6 (36... Ne4 37. Qb6 h5 38. Rxc6 bxc6 39. Qxa6 $18) 37. Qb6 Kh7 38.
Rxc6 bxc6 39. Qxa6 Ne4 40. Rxc6 Rxd4 41. Bxd4 Qxd4+ 42. Ka2 Qd2+ $2 $18 (42...
Qxe5 $1 43. Qc8 Qxh2 44. Qxe6 Qxg2+ 45. Ka3 $16 {In this game black received
same position with 2P less than in this one}) 43. Ka3 Qxg2 44. Qc4 Qg1 45. Qxe6
{You can recognise this position...} Qa1+ 46. Kb4 Qd4+ 47. Kb5 Qd3+ 48. Kb4
Qd4+ 49. Rc4 Qd2+ 50. Ka3 {The checks were finished} Qf2 51. Rc6 1-0

[Event "Corus"]
[Site "Wijk aan Zee"]
[Date "2000.01.20"]
[Round "5"]
[White "Polgar, Judit"]
[Black "Anand, Viswanathan"]
[Result "1/2-1/2"]
[WhiteElo "2658"]
[BlackElo "2769"]
[Annotator "Gofshtein,L"]
[PlyCount "54"]
[EventDate "2000.01.15"]
[EventType "tourn"]
[EventRounds "13"]
[EventCountry "NED"]
[EventCategory "18"]
[SourceTitle "CBM 075"]
[Source "ChessBase"]
[SourceDate "2000.04.05"]
[SourceVersion "1"]
[SourceVersionDate "2000.04.05"]
[SourceQuality "1"]

1. e4 c5 2. Nf3 d6 3. d4 cxd4 4. Nxd4 Nf6 5. Nc3 Nc6 6. Bg5 e6 7. Qd2 Be7 8.
O-O-O O-O 9. f4 Nxd4 10. Qxd4 Qa5 11. Bc4 Bd7 12. Rhe1 {In this variation
White delay e4-e5 promotion.} (12. e5 {-main line}) 12... Bc6 13. Bb3 (13. f5
$5) (13. Nd5 exd5 14. exd5 Rae8 15. dxc6 bxc6 16. Bb3 (16. Rxe7 Rxe7 17. Bxf6
gxf6 18. Qxf6 Re1 19. Qxd6 Rfe8 20. c3 Qa4 $15) 16... d5 $11) (13. Kb1 $5)
13... Rfe8 (13... b5 14. Nd5 Nxd5 15. exd5 Bxg5 16. dxc6 e5 17. Qxd6 Bxf4+ 18.
Kb1 $14) (13... Rad8 14. Kb1 h6 15. Bh4 e5 16. Qf2 exf4 17. Qxf4 Nh5 $11 {
Murrey-Dorfman,France 94}) (13... Rfd8 14. Qd3 (14. Qf2 $5) 14... h6 15. Bh4
Qh5 16. Bg3 Nd7 $1 17. Qf1 Nc5 18. Bc4 Bf6 $132 {Dolmatov-Oll,USSR 88}) (13...
h6 14. Bh4 Rfd8 15. f5 exf5 16. Qc4 fxe4 17. Qxf7+ Kh8 18. Rf1 Qe5 19. Bg3 Qc5
20. Ne2 $44 {1/2-1/2 Murrey,J-Relange,E/Paris Philidor mem 1995 (51)}) 14. e5 (
14. f5 exf5 15. e5 dxe5 (15... Nd5 $2 16. Bd2 $1 Nxc3 17. Bxc3 (17. e6 f6 18.
Bxc3 Qc5 $132) 17... Bg5+ 18. Kb1 dxe5 19. Bxf7+ Kh8 20. Qd3 $18) 16. Rxe5 Qc7
17. Rxf5 Rad8 18. Qc4 Rxd1+ 19. Nxd1 Bd8 $11 {1-0 Polgar,J-Sax,G/Magyarorszag 
(ch) 1991/Inf 53/ (51)}) (14. Qf2 h6 (14... Ng4 15. Qh4 Bxg5 16. fxg5 Ne5 17.
Rxd6 Qc5 18. Rd2 b5 19. Qf2 Qxf2 20. Rxf2 a5 21. a3 $14 {0-1 Cseshkovsky
Vitaly-Knoppert Erik G J/Leeuwarden 1994 (48)}) 15. Bh4 Rac8 $132) (14. Kb1
Rad8 (14... Rac8 $5) 15. Qd2 (15. Qf2 Ng4 $1 (15... h6 16. h4 $5 Qc5 17. Qg3
Nh5 18. Qh2 hxg5 19. hxg5 g6 20. g4 Nxf4 {[#]} 21. Nd5 $3 $16 {1-0 Dvoirys,
S-Khalifman,A/Elista 1997/CBM 59/ (37)} (21. Qxf4 Bxg5 $15)) 16. Qg3 Bxg5 17.
fxg5 Ne5 $132) 15... h6 16. Bxf6 Bxf6 17. Nd5 $14 {Tolnai-Majer,Czech 95})
14... dxe5 15. Qxe5 {After Queens change White remain with weakness on e5, but
how to use it?} (15. fxe5 Rad8 16. Qf4 Nd5 17. Bxd5 Bxg5 18. Qxg5 Bxd5 19. Rd4
$11 {1-0 Tolnai,T-Leko,P/Budapest SW15 1992 (32)}) 15... Qxe5 (15... b5 16. h3
{[%cal Gg2g4]} Nd7 17. Qe3 $132) 16. fxe5 Nd7 $11 {[%csl Re5]} (16... Nd5 17.
Ne4 Bxg5+ 18. Nxg5 Red8 19. Rd4 Rd7 20. Red1 Rad8 21. R1d2 Nc7 (21... Nb6 22.
Nxe6 $1 $16) 22. Rxd7 Rxd7 23. Rxd7 Bxd7 24. Kd2 $11) 17. Bxe7 Rxe7 18. g3 Rc8
(18... a5 19. Rd4 Nc5 20. Bc4 Rd7 21. Rxd7 Nxd7 22. Bb5 $11) 19. Re3 Nf8 ({
Maybe better was} 19... Nc5 20. Bc4 Rec7 21. Rd6 Kf8 $132) 20. Ne2 Rec7 21. Nd4
Bd7 22. c3 Ng6 {[%csl Rf4,Yg3,Rh4]} 23. h4 (23. Bc2 Rc5 24. Bxg6 hxg6 25. h4
$11) 23... Rc5 24. Rde1 Ne7 {[%csl Yd4]} 25. Rd1 Ng6 26. Rde1 Ne7 27. Rd1 Ng6
1/2-1/2